[Event "GER-ch U16 Girls"]
[Site "Willingen"]
[Date "2008.05.11"]
[Round "5"]
[White "Micklich, Rahel"]
[Black "Niemeyer, Sarah"]
[Result "0-1"]
[WhiteElo "1786"]
[BlackElo "1649"]
[PlyCount "50"]
[EventDate "2008.05.11"]
[EventType "swiss"]
[EventRounds "9"]
[EventCountry "GER"]
[SourceTitle "CBM 124 Extra"]
[Source "ChessBase"]
[SourceDate "2008.07.03"]
[SourceVersion "1"]
[SourceVersionDate "2008.07.03"]
[SourceQuality "1"]

1. d4 d5 2. c4 e6 3. Nc3 c6 4. Nf3 dxc4 5. e4 b5 6. a4 Bb4 7. Ne5 Nf6 8. Bg5 c5 9. d5 exd5 10. exd5 Qxd5 11. Bxf6 Qxd1+ 12. Rxd1 gxf6 13. Nf3 a6 14. Be2 Be6 15. 0-0 Bxc3 16. bxc3 b4 17. Rfe1 0-0 18. cxb4 cxb4 19. Rd4 Nc6 20. Rd6 Rfc8 21. Nd4 Nxd4 22. Rxd4 a5 23. Bf3 Rab8 24. Bd5 c3 25. Bxe6 fxe6 0-1

[Event "GER-ch U16 Girls"]
[Site "Willingen"]
[Date "2008.05.11"]
[Round "9"]
[White "Nguyen Minh, Thuy"]
[Black "Niemeyer, Sarah"]
[Result "1/2-1/2"]
[WhiteElo "1758"]
[BlackElo "1649"]
[PlyCount "76"]
[EventDate "2008.05.11"]
[EventType "swiss"]
[EventRounds "9"]
[EventCountry "GER"]
[SourceTitle "CBM 124 Extra"]
[Source "ChessBase"]
[SourceDate "2008.07.03"]
[SourceVersion "1"]
[SourceVersionDate "2008.07.03"]
[SourceQuality "1"]

1. e4 c5 2. Nf3 d6 3. Nc3 Nf6 4. d4 cxd4 5. Nxd4 g6 6. f4 Bg7 7. e5 Nh5 8. Bb5+ Bd7 9. exd6 exd6 10. Bxd7+ Nxd7 11. Ndb5 Qh4+ 12. Ke2 Qg4+ 13. Kf2 Qxd1 14. Rxd1 0-0 15. Rxd6 Nc5 16. Be3 Ne6 17. Nxa7 Bxc3 18. bxc3 Nexf4 19. Rd7 Rfe8 20. Rxb7 Nxg2 21. Bd4 Nhf4 22. Rab1 g5 23. R7b5 h6 24. R5b2 Re2+ 25. Kf1 Rae8 26. Rb8 Rxb8 27. Rxb8+ Kh7 28. Rb5 g4 29. a4 h5 30. Rxh5+ Kg6 31. Re5 Rxc2 32. a5 f6 33. Re8 f5 34. Nc6 Rc1+ 35. Kf2 Rc2+ 36. Kf1 Rc1+ 37. Kf2 Rc2+ 38. Kf1 Rc1+ 1/2-1/2

[Event "GER-ch U16 Girls"]
[Site "Willingen"]
[Date "2008.05.11"]
[Round "8"]
[White "Niemeyer, Sarah"]
[Black "Dorn, Carina"]
[Result "0-1"]
[WhiteElo "1649"]
[BlackElo "1782"]
[PlyCount "72"]
[EventDate "2008.05.11"]
[EventType "swiss"]
[EventRounds "9"]
[EventCountry "GER"]
[SourceTitle "CBM 124 Extra"]
[Source "ChessBase"]
[SourceDate "2008.07.03"]
[SourceVersion "1"]
[SourceVersionDate "2008.07.03"]
[SourceQuality "1"]

1. e4 g6 2. d4 Bg7 3. f4 d6 4. Nf3 a6 5. Bc4 Nf6 6. e5 Ne4 7. 0-0 0-0 8. Qe1 d5 9. Bd3 Bf5 10. Ng5 c5 11. c3 cxd4 12. cxd4 Nc6 13. Nc3 Nxg5 14. Bxf5 gxf5 15. fxg5 Nxd4 16. Qd1 Bxe5 17. Be3 Nc6 18. Qh5 d4 19. Rf3 Qd6 20. Rxf5 dxe3 21. Raf1 Qg6 22. Qg4 Rad8 23. Ne2 Rd2 24. h4 h5 25. Qc4 Rxe2 26. Qxe2 Nd4 27. Qxe3 Nxf5 28. Qxe5 Nxh4 29. g3 Qb6+ 30. Kh2 Ng6 31. Qe2 Qa5 32. Qg2 Qxg5 33. Qxb7 Qd2+ 34. Kh1 Qe2 35. Kg1 Qe3+ 36. Kg2 Rd8 0-1

[Event "GER-ch U16 Girls"]
[Site "Willingen"]
[Date "2008.05.11"]
[Round "2"]
[White "Schoebel, Ulrike"]
[Black "Niemeyer, Sarah"]
[Result "1-0"]
[WhiteElo "1258"]
[BlackElo "1649"]
[PlyCount "57"]
[EventDate "2008.05.11"]
[EventType "swiss"]
[EventRounds "9"]
[EventCountry "GER"]
[SourceTitle "CBM 124 Extra"]
[Source "ChessBase"]
[SourceDate "2008.07.03"]
[SourceVersion "1"]
[SourceVersionDate "2008.07.03"]
[SourceQuality "1"]

1. d4 d5 2. Bf4 e6 3. Nf3 Nf6 4. e3 c5 5. c3 Nc6 6. Bd3 Be7 7. Nbd2 0-0 8. 0-0 a6 9. Ne5 Bd6 10. Ndf3 Qc7 11. Nxc6 bxc6 12. Bxd6 Qxd6 13. Ne5 cxd4 14. cxd4 c5 15. Be2 Bd7 16. Rc1 cxd4 17. Qxd4 Bb5 18. Bxb5 axb5 19. Rc6 Qe7 20. a3 Ne4 21. Rfc1 f6 22. Nd3 Rfb8 23. Rc7 Qe8 24. f3 Ra4 25. Nb4 Nd6 26. Qg4 Nf7 27. R1c6 g6 28. Rxe6 Qd8 29. Ree7 1-0

[Event "NRW-ch U16 Girls"]
[Site "Kranenburg"]
[Date "2008.03.25"]
[Round "3"]
[White "Hohmann, Louisa"]
[Black "Niemeyer, Sarah"]
[Result "0-1"]
[WhiteElo "1730"]
[BlackElo "1556"]
[PlyCount "46"]
[EventDate "2008.03.24"]
[EventType "swiss"]
[EventRounds "7"]
[EventCountry "GER"]
[SourceTitle "EXT 2009"]
[Source "ChessBase"]
[SourceDate "2008.11.26"]
[SourceVersion "1"]
[SourceVersionDate "2008.11.26"]
[SourceQuality "1"]

1. e4 c5 2. Nf3 d6 3. d4 cxd4 4. Nxd4 Nf6 5. Nc3 g6 6. f3 Bg7 7. Be3 0-0 8. Qd2 Nc6 9. 0-0-0 Nxd4 10. Bxd4 Be6 11. g4 Qc7 12. Nb5 Qc6 13. Kb1 Rfc8 14. a3 a6 15. Na7 Rxa7 16. Bxa7 b6 17. Bxb6 Qxb6 18. Qd4 Qc6 19. Qd2 Rb8 20. Qc1 Nxe4 21. fxe4 Qc3 22. Rd3 Rxb2+ 23. Ka1 Ra2+ 0-1

[Event "NRW-ch U16 Girls"]
[Site "Kranenburg"]
[Date "2008.03.25"]
[Round "2"]
[White "Niemeyer, Sarah"]
[Black "Stoer, Agnes"]
[Result "1-0"]
[WhiteElo "1556"]
[BlackElo "1330"]
[PlyCount "69"]
[EventDate "2008.03.24"]
[EventType "swiss"]
[EventRounds "7"]
[EventCountry "GER"]
[SourceTitle "EXT 2009"]
[Source "ChessBase"]
[SourceDate "2008.11.26"]
[SourceVersion "1"]
[SourceVersionDate "2008.11.26"]
[SourceQuality "1"]

1. e4 e5 2. Nf3 d6 3. d4 exd4 4. Nxd4 Nf6 5. Nc3 Be7 6. Bc4 Nxe4 7. Nxe4 d5 8. Bb5+ c6 9. Nc3 cxb5 10. Ndxb5 a6 11. Nd4 0-0 12. 0-0 Bd6 13. Nf3 Be6 14. Qd3 Qd7 15. Ng5 Bf5 16. Qxd5 Bxc2 17. Re1 Nc6 18. Bf4 Rad8 19. Bxd6 Qxd6 20. Qf3 h6 21. Nge4 Bxe4 22. Qxe4 Rfe8 23. Qxe8+ Rxe8 24. Rxe8+ Kh7 25. Rd1 Qb4 26. Re2 b5 27. Rd7 Qf4 28. Red2 Ne5 29. R7d4 Qg5 30. f4 Nf3+ 31. Kh1 Qh5 32. gxf3 Qxf3+ 33. Kg1 Qg4+ 34. Rg2 Qf3 35. Nd5 1-0

[Event "Bielefeld Gr8"]
[Site "Bielefeld"]
[Date "2006.06.05"]
[Round "6"]
[White "Klatt, Dieter"]
[Black "Niemeyer, Sarah"]
[Result "0-1"]
[WhiteElo "1295"]
[BlackElo "1318"]
[PlyCount "78"]
[EventDate "2006.06.02"]
[EventType "swiss"]
[EventRounds "7"]
[EventCountry "GER"]
[SourceTitle "EXT 2007"]
[Source "ChessBase"]
[SourceDate "2006.11.23"]
[SourceVersion "1"]
[SourceVersionDate "2006.11.23"]
[SourceQuality "1"]

1. d4 d5 2. a3 Nf6 3. e3 Bf5 4. Nd2 Nbd7 5. Ngf3 e6 6. Nh4 Bg4 7. Nhf3 Bd6 8. Be2 0-0 9. h3 Bh5 10. c4 Bxf3 11. Bxf3 c6 12. c5 Bc7 13. 0-0 b6 14. b4 Qe7 15. Nb3 e5 16. Bb2 Rfe8 17. Bg4 Nxg4 18. Qxg4 Nf6 19. Qd1 e4 20. a4 Rab8 21. Ba3 Qd7 22. a5 Rec8 23. cxb6 axb6 24. axb6 Rxb6 25. f3 exf3 26. Rxf3 Bd6 27. Nc5 Qe7 28. Nd3 Re8 29. Bc1 Bxb4 30. Nxb4 Qxb4 31. Ra7 Rb7 32. Rxb7 Qxb7 33. Ba3 Ra8 34. Bd6 Qb2 35. Rf2 Qc3 36. Rc2 Qxe3+ 37. Kh2 Qe8 38. Qf3 Ne4 39. Qf4 Ra4 0-1

[Event "Bielefeld Gr8"]
[Site "Bielefeld"]
[Date "2006.06.04"]
[Round "5"]
[White "Niemeyer, Sarah"]
[Black "Fister, Horst Lothar"]
[Result "1-0"]
[WhiteElo "1318"]
[BlackElo "1295"]
[PlyCount "55"]
[EventDate "2006.06.02"]
[EventType "swiss"]
[EventRounds "7"]
[EventCountry "GER"]
[SourceTitle "EXT 2007"]
[Source "ChessBase"]
[SourceDate "2006.11.23"]
[SourceVersion "1"]
[SourceVersionDate "2006.11.23"]
[SourceQuality "1"]

1. e4 d5 2. exd5 Qxd5 3. Nc3 Qa5 4. Nf3 c6 5. Be2 Bf5 6. 0-0 Nf6 7. d4 e6 8. Bd3 Bg4 9. h3 Bxf3 10. Qxf3 Nbd7 11. Bg5 Bb4 12. Bd2 Bxc3 13. Bxc3 Qc7 14. Rfe1 Nd5 15. Bd2 N7f6 16. c3 0-0-0 17. b4 h5 18. a4 g5 19. Bxg5 Qe7 20. c4 Rhg8 21. Bh4 Nxb4 22. Bxf6 Qd6 23. Bxd8 Kxd8 24. Qf6+ Ke8 25. Bh7 Rf8 26. Rab1 a5 27. Qe5 Qd8 28. Bg6 1-0

[Event "Bielefeld Gr8"]
[Site "Bielefeld"]
[Date "2006.06.02"]
[Round "1"]
[White "Schiermeier, Alexander"]
[Black "Niemeyer, Sarah"]
[Result "1-0"]
[WhiteElo "1066"]
[BlackElo "1318"]
[PlyCount "45"]
[EventDate "2006.06.02"]
[EventType "swiss"]
[EventRounds "7"]
[EventCountry "GER"]
[SourceTitle "EXT 2007"]
[Source "ChessBase"]
[SourceDate "2006.11.23"]
[SourceVersion "1"]
[SourceVersionDate "2006.11.23"]
[SourceQuality "1"]

1. e4 c5 2. Nf3 d6 3. Bc4 Nc6 4. c3 Nf6 5. Ng5 e6 6. d4 cxd4 7. cxd4 Be7 8. Be3 h6 9. d5 Ne5 10. dxe6 Nxc4 11. Qa4+ Kf8 12. Nxf7 Qa5+ 13. Qxa5 Nxa5 14. Nxh8 Bxe6 15. Ng6+ Kf7 16. Nf4 Nxe4 17. 0-0 Bf6 18. Rc1 Bxb2 19. Rc7+ Kf6 20. Nh5+ Kg6 21. Nf4+ Kf5 22. g4+ Ke5 23. Nd3+ 1-0

[Event "NRW-ch U14 Girls"]
[Site "Kranenburg"]
[Date "2005.04.01"]
[Round "6"]
[White "Hohmann, Louisa"]
[Black "Niemeyer, Sarah"]
[Result "1-0"]
[WhiteElo "1146"]
[BlackElo "1068"]
[PlyCount "95"]
[EventDate "2005.03.28"]
[EventType "swiss"]
[EventRounds "7"]
[EventCountry "GER"]
[SourceTitle "CBM 105 Extra"]
[Source "ChessBase"]
[SourceDate "2005.05.01"]
[SourceVersion "1"]
[SourceVersionDate "2005.05.01"]
[SourceQuality "1"]

1. e4 c5 2. Nf3 d6 3. d4 cxd4 4. Nxd4 Nf6 5. Nc3 g6 6. f3 Bg7 7. Be3 0-0 8. Qd2 Nc6 9. 0-0-0 d5 10. Be2 a6 11. g4 dxe4 12. Nxe4 Nxe4 13. fxe4 Qb6 14. Nb3 Qb4 15. Qxb4 Nxb4 16. a3 Nc6 17. h4 Ne5 18. Rdg1 Be6 19. Nd4 Bc4 20. b3 Bxe2 21. Nxe2 Rac8 22. Kb1 Rc7 23. Rg2 b5 24. h5 a5 25. hxg6 fxg6 26. Bb6 Rc6 27. Bxa5 Ra6 28. Bb4 Nc6 29. Bc5 b4 30. a4 Ra5 31. Bb6 Rg5 32. Rhg1 Ne5 33. Nd4 Rf7 34. Ne6 Rxg4 35. Rxg4 Nxg4 36. Nxg7 Rxg7 37. Rxg4 h5 38. Rg2 g5 39. a5 Kh7 40. a6 Rg8 41. Rd2 h4 42. Bd8 h3 43. a7 Rxd8 44. Rxd8 h2 45. Rh8+ Kxh8 46. a8Q+ Kg7 47. e5 g4 48. Qg2 1-0

[Event "OWL-ch U14 Girls"]
[Site "Hiddenhausen"]
[Date "2005.01.04"]
[Round "3"]
[White "Himpenmacher, Anja"]
[Black "Niemeyer, Sarah"]
[Result "0-1"]
[WhiteElo "771"]
[BlackElo "928"]
[PlyCount "86"]
[EventDate "2005.01.02"]
[EventType "tourn"]
[EventRounds "5"]
[EventCountry "GER"]
[SourceTitle "EXT 2007"]
[Source "ChessBase"]
[SourceDate "2006.11.23"]
[SourceVersion "1"]
[SourceVersionDate "2006.11.23"]
[SourceQuality "1"]

1. e4 c5 2. Nf3 d6 3. Nc3 a6 4. d3 Nf6 5. Be2 e6 6. Bg5 Be7 7. 0-0 0-0 8. Qd2 b5 9. a3 Bb7 10. Rad1 Nbd7 11. b4 Qc7 12. d4 Bxe4 13. Nxe4 Nxe4 14. Qe3 Nxg5 15. Nxg5 cxd4 16. Rxd4 Qxc2 17. Bd3 Bxg5 18. Qxg5 Qc3 19. Rg4 Rfc8 20. Qh6 g6 21. Be4 Nf6 22. Rh4 Ra7 23. Bf3 Rac7 24. g3 Qxf3 25. Rf4 Qh5 26. Qxh5 Nxh5 27. Rd4 Rd8 28. Rdd1 d5 29. Ra1 d4 30. a4 Rcd7 31. Rfd1 d3 32. axb5 axb5 33. Ra2 Nf6 34. f3 e5 35. Kf2 e4 36. Ke3 exf3 37. Kxf3 Re8 38. Rad2 Red8 39. Ke3 Ng4+ 40. Kf4 f5 41. h3 Rd4+ 42. Kf3 Ne5+ 43. Ke3 Nc4+ 0-1

[Event "OWL-ch U14 Girls"]
[Site "Hiddenhausen"]
[Date "2005.01.03"]
[Round "2"]
[White "Niemeyer, Sarah"]
[Black "Steffen, Luka"]
[Result "1-0"]
[WhiteElo "928"]
[BlackElo "915"]
[PlyCount "105"]
[EventDate "2005.01.02"]
[EventType "tourn"]
[EventRounds "5"]
[EventCountry "GER"]
[SourceTitle "EXT 2007"]
[Source "ChessBase"]
[SourceDate "2006.11.23"]
[SourceVersion "1"]
[SourceVersionDate "2006.11.23"]
[SourceQuality "1"]

1. e4 e5 2. Nf3 Nc6 3. Nc3 Bb4 4. d4 exd4 5. Nxd4 Nxd4 6. Qxd4 Bxc3+ 7. Qxc3 Nf6 8. Bg5 Nxe4 9. Bxd8 Nxc3 10. Bxc7 Ne4 11. 0-0-0 0-0 12. Re1 Nxf2 13. Rg1 h6 14. Bg3 Ng4 15. Bd3 d5 16. h3 Nf6 17. Bd6 Rd8 18. Be7 Re8 19. Bxf6 Rxe1+ 20. Rxe1 gxf6 21. Re8+ Kg7 22. b3 b6 23. Bf5 Bb7 24. Re7 Bc6 25. Be6 Kf8 26. Rxf7+ Ke8 27. Rh7 Rd8 28. Bf7+ Ke7 29. Bxd5+ Kd6 30. Bxc6 Kxc6 31. Rxh6 Rd6 32. h4 f5 33. Rxd6+ Kxd6 34. Kd2 Ke6 35. Ke3 Ke5 36. g3 Kf6 37. Kf4 a5 38. g4 fxg4 39. Kxg4 Kg7 40. c4 Kh8 41. h5 Kg7 42. Kg5 Kh7 43. h6 Kg8 44. Kg6 Kh8 45. h7 a4 46. bxa4 b5 47. c5 bxa4 48. c6 a3 49. Kf6 Kxh7 50. c7 Kh6 51. c8Q Kh5 52. Qg8 Kh6 53. Qg6# 1-0